[Event "Muensterland Verbandsliga 1112"]
[Site "Germany"]
[Date "2012.02.25"]
[Round "7.2"]
[White "Teykh, Dimitrij"]
[Black "Althoff, Franz"]
[Result "1-0"]
[WhiteElo "2000"]
[BlackElo "2092"]
[PlyCount "65"]
[EventDate "2011.09.24"]
[EventType "team-tourn"]
[EventRounds "9"]
[EventCountry "GER"]
[SourceTitle "EXT 2013"]
[Source "ChessBase"]
[SourceDate "2012.11.22"]
[SourceVersion "1"]
[SourceVersionDate "2012.11.22"]
[SourceQuality "1"]
[WhiteTeam "Ochtrup"]
[BlackTeam "Ostbevern Westbevern"]
[WhiteTeamCountry "GER"]
[BlackTeamCountry "GER"]

1. d4 Nf6 2. c4 e6 3. Nc3 d5 4. Bg5 Be7 5. e3 0-0 6. Nf3 b6 7. cxd5 exd5 8. Rc1 Be6 9. Bd3 c5 10. 0-0 Nbd7 11. Bb1 b5 12. Bxf6 gxf6 13. dxc5 Nxc5 14. Nxb5 Rb8 15. Nfd4 Qd7 16. Qh5 Ne4 17. Bxe4 dxe4 18. Rc7 Qe8 19. Nxe6 fxe6 20. Qg4+ Kh8 21. Nd4 f5 22. Qg3 Bf6 23. Qd6 Rg8 24. Qxe6 Rxg2+ 25. Kxg2 Qg6+ 26. Kh1 Rg8 27. Qxg8+ Qxg8 28. Rfc1 h5 29. Rc8 Bd8 30. Nc6 Qxa2 31. Rxd8+ Kh7 32. Nd4 Kh6 33. Rd6+ 1-0

[Event "Muensterland Verbandsliga 1011"]
[Site "Germany"]
[Date "2011.02.05"]
[Round "6.3"]
[White "Haselhorst, Helmut"]
[Black "Teykh, Dimitrij"]
[Result "1-0"]
[WhiteElo "2066"]
[BlackElo "1986"]
[PlyCount "115"]
[EventDate "2010.09.25"]
[EventType "team-tourn"]
[EventRounds "9"]
[EventCountry "GER"]
[SourceTitle "EXT 2012"]
[Source "ChessBase"]
[SourceDate "2011.11.24"]
[SourceVersion "1"]
[SourceVersionDate "2011.11.24"]
[SourceQuality "1"]
[WhiteTeam "Ostbevern Westbevern"]
[BlackTeam "Ochtrup"]
[WhiteTeamCountry "GER"]
[BlackTeamCountry "GER"]

1. d4 Nf6 2. Nf3 g6 3. c4 Bg7 4. Nc3 0-0 5. Bf4 d6 6. h3 Re8 7. e3 Nbd7 8. Be2 c6 9. 0-0 Qb6 10. Rb1 e5 11. Bh2 a5 12. a3 Nf8 13. b4 Bf5 14. Rb3 axb4 15. axb4 Rad8 16. c5 dxc5 17. bxc5 Qa5 18. Nxe5 Nd5 19. Qa1 Qxa1 20. Rxa1 Bc2 21. Rb2 Nxc3 22. Rxc2 Nxe2+ 23. Rxe2 Ne6 24. Rc2 Rd5 25. Rac1 f5 26. Nd3 Bxd4 27. exd4 Nxd4 28. Rb2 Ne6 29. Nf4 Rxc5 30. Re1 Ng7 31. Rxe8+ Nxe8 32. Kf1 b5 33. Ke2 Nf6 34. Nd3 Rc4 35. f3 Nd5 36. Kd2 f4 37. Bg1 Ra4 38. Kc2 Ra1 39. Bd4 Rh1 40. Ne5 Ne3+ 41. Bxe3 fxe3 42. Kd3 Rc1 43. Kxe3 Kg7 44. f4 Kf6 45. Kf3 Ke6 46. Kg4 Kd5 47. Kg5 Rf1 48. Rd2+ Ke4 49. Nxc6 Ke3 50. Rb2 Rc1 51. Ne5 Rg1 52. g4 Rg3 53. Rb3+ Kf2 54. Rxg3 Kxg3 55. f5 gxf5 56. gxf5 b4 57. f6 b3 58. Nc4 1-0

[Event "Muensterland Verbandsliga 1011"]
[Site "Germany"]
[Date "2011.01.15"]
[Round "5.3"]
[White "Teykh, Dimitrij"]
[Black "Woestmann, Ulrich"]
[Result "1-0"]
[WhiteElo "1986"]
[BlackElo "1983"]
[PlyCount "99"]
[EventDate "2010.09.25"]
[EventType "team-tourn"]
[EventRounds "9"]
[EventCountry "GER"]
[SourceTitle "EXT 2012"]
[Source "ChessBase"]
[SourceDate "2011.11.24"]
[SourceVersion "1"]
[SourceVersionDate "2011.11.24"]
[SourceQuality "1"]
[WhiteTeam "Ochtrup"]
[BlackTeam "Sendenhorst"]
[WhiteTeamCountry "GER"]
[BlackTeamCountry "GER"]

1. d4 Nf6 2. c4 g6 3. Nf3 Bg7 4. g3 d6 5. Bg2 c6 6. 0-0 0-0 7. Nc3 Nbd7 8. e4 e5 9. h3 Qe7 10. Re1 a5 11. Be3 h6 12. Qd2 Kh7 13. Rad1 Ne8 14. Qc2 Nc7 15. d5 c5 16. Bf1 f5 17. exf5 gxf5 18. Nh4 e4 19. Bf4 Ne5 20. Nxe4 fxe4 21. Qxe4+ Kg8 22. Bd3 Rf6 23. Qh7+ Kf8 24. Bxe5 dxe5 25. Ng6+ Rxg6 26. Bxg6 Ra6 27. f4 Bxh3 28. fxe5 Ne8 29. d6 Nxd6 30. exd6 Bd4+ 31. Kh2 Qxh7 32. Re8+ Kg7 33. Bxh7 Kxh7 34. Kxh3 Rxd6 35. Re7+ Kg6 36. Rxb7 Re6 37. Rd3 Re1 38. b3 h5 39. Ra7 Kf5 40. Rf3+ Kg5 41. Rf8 Rh1+ 42. Kg2 Rg1+ 43. Kh2 Rc1 44. Rxa5 h4 45. Rg8+ Kf5 46. gxh4 Rc2+ 47. Rg2 Be5+ 48. Kh1 Rc1+ 49. Rg1 Rc2 50. Rg5+ 1-0

[Event "Muensterland Verbandsklasse-B 0910"]
[Site "Germany"]
[Date "2009.10.24"]
[Round "2.2"]
[White "Teykh, Dimitrij"]
[Black "Hofene, Dieter"]
[Result "1-0"]
[WhiteElo "2010"]
[BlackElo "1893"]
[PlyCount "151"]
[EventDate "2009.09.19"]
[EventType "team-tourn"]
[EventRounds "9"]
[EventCountry "GER"]
[SourceTitle "EXT 2011"]
[Source "ChessBase"]
[SourceDate "2010.11.26"]
[SourceVersion "1"]
[SourceVersionDate "2010.11.26"]
[SourceQuality "1"]
[WhiteTeam "Ochtrup"]
[BlackTeam "Beelen"]
[WhiteTeamCountry "GER"]
[BlackTeamCountry "GER"]

1. d4 Nf6 2. c4 e6 3. Nc3 Bb4 4. Nf3 b6 5. Bg5 h6 6. Bh4 Bb7 7. e3 Be7 8. Bd3 d6 9. Qe2 Nh5 10. Bxe7 Qxe7 11. 0-0-0 Nd7 12. Nd2 Nhf6 13. f3 0-0-0 14. e4 e5 15. Nb3 Rhe8 16. Rhe1 Kb8 17. Qf2 Nh5 18. g3 g5 19. Nd5 Qf8 20. Kb1 Qh8 21. Bf1 Nf8 22. dxe5 Qxe5 23. f4 Qg7 24. Nd4 gxf4 25. gxf4 Nf6 26. Nf5 Qh8 27. Bg2 N8d7 28. Qh4 Nxd5 29. cxd5 h5 30. Bf3 Nf6 31. Nd4 Rd7 32. Nc6+ Bxc6 33. dxc6 Rde7 34. e5 Qh7+ 35. Ka1 dxe5 36. fxe5 Ng8 37. Qxh5 Qxh5 38. Bxh5 a5 39. e6 Nh6 40. exf7 Nxf7 41. Rf1 Rd8 42. a3 Rxd1+ 43. Rxd1 Ne5 44. Rd8+ Ka7 45. Be8 b5 46. Bd7 Rh7 47. h3 Kb6 48. Rb8+ Kc5 49. Rb7 b4 50. axb4+ axb4 51. Rxc7 Kd6 52. Rb7 Nxc6 53. Bxc6 Rxh3 54. Ba4 Kc5 55. Ka2 Rg3 56. Rb5+ Kc4 57. Rh5 Rg4 58. Bb3+ Kd4 59. Rb5 Kd3 60. Be6 Rg2 61. Rxb4 Rh2 62. Kb3 Rh1 63. Bf5+ Kd2 64. Ka4 Ra1+ 65. Kb5 Ra8 66. b3 Kc3 67. Rc4+ Kxb3 68. Be6 Rb8+ 69. Kc5 Kb2 70. Kd4 Rh8 71. Rb4+ Ka3 72. Kc3 Rh7 73. Rb6 Ka4 74. Bc4 Rh3+ 75. Bd3 Rh5 76. Ra6+ 1-0

[Event "Muensterland Verbandsklasse-B 0809"]
[Site "Germany"]
[Date "2008.09.13"]
[Round "1.2"]
[White "Teykh, Dimitrij"]
[Black "Lerke, Bernd"]
[Result "0-1"]
[WhiteElo "2017"]
[BlackElo "1915"]
[PlyCount "76"]
[EventDate "2008.09.13"]
[EventType "team-tourn"]
[EventRounds "9"]
[EventCountry "GER"]
[SourceTitle "EXT 2010"]
[Source "ChessBase"]
[SourceDate "2010.11.25"]
[SourceVersion "1"]
[SourceVersionDate "2010.11.25"]
[SourceQuality "1"]
[WhiteTeam "Ochtrup"]
[BlackTeam "Nordwalde"]
[WhiteTeamCountry "GER"]
[BlackTeamCountry "GER"]

1. d4 c5 2. d5 e5 3. c4 d6 4. Nc3 Be7 5. Nf3 Nd7 6. e4 Ngf6 7. Be2 0-0 8. 0-0 Ne8 9. Qc2 Nb6 10. a3 a5 11. b3 g6 12. Ne1 Bg5 13. Nd3 f5 14. f4 exf4 15. e5 dxe5 16. Nxe5 Bf6 17. Nf3 g5 18. Bb2 g4 19. Ne1 Bd4+ 20. Kh1 f3 21. gxf3 g3 22. f4 Qh4 23. Nf3 Qg4 24. Rg1 Bf2 25. Raf1 Bxg1 26. Rxg1 Qxf4 27. Rxg3+ Kf7 28. Nb5 Rg8 29. Rxg8 Kxg8 30. Qc3 Qh6 31. Qh8+ Kf7 32. Ne5+ Ke7 33. d6+ Nxd6 34. Nxd6 Be6 35. Ng6+ Qxg6 36. Qe5 Rg8 37. Bg4 Qxg4 38. Qf6+ Kd7 0-1